000 00619nam a2200229Ia 4500
003 OSt
005 20221007064314.0
006 a|||||r|||| 00| 0
007 ta
008 221006b |||||||| |||| 00| 0 eng d
024 _a17,945
037 _cTextual
040 _aFLL
_cFLL
_beng
041 _2eng
_aeng
082 _aY15:(T:72).2, M6
100 _aChauhan Indira
245 0 _aDilemma of working women hostelers
260 _aDelhi
_bB. R. Publishing Corporation India
_c1986
300 _a70p
_ccm.
942 _hY15:(T:72).2, M6
_cTEXL
_2CC
999 _c1133670
_d1133670